1315 1046 1100 1437 1107 1692 1722 1266 1177 1912 1880 1501 1978 1068 1156 1991 1031 1767 1839 1125 1934 1557 1875 1005 1831 1254 1918 1764 1832 1290 1953 1459 1317 1115 1429 1101 1057 1017 1481 1984 1940 1022 1993 1752 1618 1812 1322 1554 1495 1795 1911 1286 1553 1900 1325 1345 1120 1121 1153 1936 1915 1342 1017 1875 1566 1437 1564 1445 1025 1150 1228 1616 1862 1460 1610 1787 1143 1760 1024 1674 1303 1067 1834 1984 1858 1210 1629 1433 1563 1506 1289 1697 1421 1594 1090 1037 1379 1260 1617 BCNSPRNW ULIB Ver.6.0+V

เปลี่ยนเป็นภาษาไทย

Change to English
 แสดงรายละเอียดบรรณานุกรม
  กลับหน้าหลัก

Brief Record : Get Marc (ISO 2709) : E-mail record : QR code < ปิดหน้าต่าง
LEADER : 00000nas 2200000uu 4500
001    13399126218
003     ULIB
008    180731s||||||||th 000 0 tha d
022    ^a05879792
110    ^aโรงพยาบาลพิจิตร
245    ^aวารสารโรงพยาบาลพิจิตร
260    ^aพิจิตร :^bโรงพยาบาลพิจิตร,^c2560
310    ^aราย 6 เดือน
850 ^a ULIB^bปีที่ 34 ฉบับที่ 1 ฉ.1 ;ปีที่ 33 ฉบับที่ 1 ฉ.1 ;ปีที่ 34 ฉบับที่ 2 ฉ.1
945    ^p0^l0^i905248
945    ^p0^l0^i904958
945    ^p0^l0^i905371
999    ^aประนอม เกษจรัล
รายการนี้ยังไม่มีแท็ก
คุณยังไม่ได้ล็อกอิน คุณสามารถมีกิจกรรมร่วมกับเว็บไซต์ได้ แต่ต้องล็อกอินก่อน ::
  ล็อกอิน

รายการสื่อสารสนเทศ (วารสาร)

ดูแบบ: กล่อง รายการ
ARRIVED
ปีที่ 33 ฉบับที่ 1 ฉ.1
สถานที่: ห้องสมุดวิทยาเขตสวรรค์ประชารักษ์ >วารสาร
ARRIVED
ปีที่ 34 ฉบับที่ 1 ฉ.1
สถานที่: ห้องสมุดวิทยาเขตสวรรค์ประชารักษ์ >วารสาร
ARRIVED
ปีที่ 34 ฉบับที่ 2 ฉ.1
สถานที่: ห้องสมุดวิทยาเขตสวรรค์ประชารักษ์ >วารสาร
รายการใกล้เคียง
    ชื่อเรื่อง [วารสารโรงพยาบาลพิจิตร]

BibComment


ยังไม่เคยถูกคอมเมนท์

คอมเมนท์ทรัพยากรรายการนี้
  คอมเมนท์: วารสารโรงพยาบาลพ..


 Copyright 2026. Bcnsprnw @Library